Land vs. Land #50 - Statistiken

Allgemein
  • Dieses Quiz wurde 29 mal gespielt
  • Das Durchschnittsergebnis liegt bei 11 aus 14
Antwortstatistiken
Frage Antwort % Korrekt
...Fläche? Bulgarien🇧🇬
100%
...Einwohner? Bulgarien🇧🇬
96%
...Gesundheitswesen? Estland🇪🇪
96%
...Lebenserwartung? Estland🇪🇪
96%
...Bruttoinlandsprodukt pro Kopf? Estland🇪🇪
92%
...durchschnittlicher IQ? Estland🇪🇪
88%
...Tourismus? Bulgarien🇧🇬
85%
...Exportmengen? Bulgarien🇧🇬
81%
...Bruttoinlandsprodukt? Bulgarien🇧🇬
77%
...Militär? Bulgarien🇧🇬
73%
...HDI (Human Development Index)? Estland🇪🇪
73%
...Frieden? Estland🇪🇪
65%
...Gewinner? Bulgarien🇧🇬
31%
...Happy Planet Index? Bulgarien🇧🇬
8%
Keine übereinstimmenden Quizze gefunden
Verteilung der Resultate
Anzahl Personen mit jedem Resultat
Perzentil nach korrekt beantworteten Fragen
Ihre Resultats-Entwicklung
Sie haben dieses Quiz noch nicht gespielt